[Event "Reunion op 19th"]
[Site "St Denis"]
[Date "2017.10.19"]
[Round "4"]
[White "Duprey, Francois Xavier"]
[Black "Payet, Jean Claude"]
[Result "0-1"]
[WhiteElo "1614"]
[BlackElo "1837"]
[PlyCount "50"]
[EventDate "2017.10.16"]
[EventType "swiss"]
[EventRounds "7"]
[EventCountry "RUF"]
[SourceTitle "CBM 181 Extra"]
[Source "ChessBase"]
[SourceDate "2017.12.12"]
[SourceVersion "1"]
[SourceVersionDate "2017.12.12"]
[SourceQuality "1"]

1. c4 e5 2. g3 Nc6 3. Bg2 f5 4. Nc3 Nf6 5. d3 Bb4 6. a3 Bxc3+ 7. bxc3 0-0 8. Nh3 Qe8 9. 0-0 d6 10. e3 h6 11. f4 e4 12. d4 Kh8 13. a4 Rg8 14. d5 Na5 15. Qe2 b6 16. Rb1 Qxa4 17. Nf2 Qxc4 18. Qc2 Nxd5 19. Nxe4 fxe4 20. Bxe4 Bb7 21. Bd3 Qxc3 22. Qe2 Qc6 23. e4 Nc3 24. Qh5 Qc5+ 25. Rf2 Qxh5 0-1

[Event "Reunion op 18th"]
[Site "St Denis"]
[Date "2016.10.13"]
[Round "5"]
[White "Payet, Jean Claude"]
[Black "Cochard, Franck Olivier"]
[Result "1-0"]
[WhiteElo "1865"]
[BlackElo "1588"]
[PlyCount "90"]
[EventDate "2016.10.10"]
[EventType "swiss"]
[EventRounds "7"]
[EventCountry "RUF"]
[SourceTitle "CBM 175 Extra"]
[Source "ChessBase"]
[SourceDate "2016.12.12"]
[SourceVersion "1"]
[SourceVersionDate "2016.12.12"]
[SourceQuality "1"]

1. e4 d5 2. exd5 Qxd5 3. Nc3 Qd6 4. h3 a6 5. Nf3 Nf6 6. d4 Bf5 7. Bd3 Bxd3 8. Qxd3 Nc6 9. Be3 e6 10. a3 g6 11. Ne4 Nxe4 12. Qxe4 Bg7 13. c3 Qd5 14. Qh4 Qb3 15. Rb1 h6 16. Nd2 Qc2 17. Qe4 Qxe4 18. Nxe4 b6 19. 0-0 g5 20. f4 gxf4 21. Rxf4 Ne7 22. Rbf1 Rf8 23. Nf6+ Bxf6 24. Rxf6 Nd5 25. R6f3 Nxe3 26. Rxe3 Rd8 27. Re5 Rd5 28. Rxd5 exd5 29. Rf5 c6 30. Rf6 Kd7 31. Rxh6 f6 32. Kf2 Kd6 33. Ke3 c5 34. g4 Re8+ 35. Kd3 c4+ 36. Kd2 Ke7 37. Rh5 Ke6 38. Ke3 Kd6+ 39. Kf2 Kc6 40. Rf5 Re6 41. h4 Kb5 42. h5 Ka4 43. h6 Re7 44. Rxf6 b5 45. Kf1 Rh7 1-0

[Event "Reunion op 17th"]
[Site "St Denis"]
[Date "2015.10.10"]
[Round "1"]
[White "Payet, Jean Claude"]
[Black "Sawmynaden, Vicken"]
[Result "1-0"]
[WhiteElo "1872"]
[BlackElo "1399"]
[PlyCount "107"]
[EventDate "2015.10.10"]
[EventType "swiss"]
[EventRounds "9"]
[EventCountry "RUF"]
[SourceTitle "CBM 168 Extra"]
[Source "ChessBase"]
[SourceDate "2015.10.29"]
[SourceVersion "1"]
[SourceVersionDate "2015.10.29"]
[SourceQuality "1"]

1. e4 e5 2. Nf3 Nc6 3. d4 exd4 4. Bc4 d6 5. Nxd4 Bd7 6. 0-0 Ne5 7. Bb3 Nf6 8. Nc3 Be7 9. f4 Nc6 10. Nxc6 Bxc6 11. e5 dxe5 12. Qxd8+ Rxd8 13. fxe5 Nd5 14. Nxd5 Bxd5 15. Ba4+ c6 16. Be3 a6 17. Bb6 Rc8 18. Rad1 0-0 19. a3 f6 20. exf6 Bxf6 21. c3 Bg5 22. Rxf8+ Rxf8 23. Bc2 Re8 24. Bd3 Bb3 25. Rf1 Be3+ 26. Bxe3 Rxe3 27. Rf3 Rxf3 28. gxf3 Bd5 29. Kf2 g6 30. Ke3 Kf7 31. a4 a5 32. c4 Be6 33. Kd4 b6 34. c5 bxc5+ 35. Kxc5 Bb3 36. Bc4+ Bxc4 37. Kxc4 Ke6 38. Kc5 Ke5 39. Kxc6 Kf4 40. Kb5 h5 41. b4 axb4 42. Kxb4 Kxf3 43. a5 Kg2 44. a6 g5 45. a7 Kxh2 46. a8Q Kh3 47. Qh1+ Kg4 48. Kc3 h4 49. Kd3 Kg3 50. Qg1+ Kf4 51. Qf1+ Kg3 52. Ke3 g4 53. Qh1 h3 54. Qg1+ 1-0

[Event "Reunion op 16th"]
[Site "St Denis"]
[Date "2014.10.18"]
[Round "1"]
[White "Etheve, Loic"]
[Black "Payet, Jean Claude"]
[Result "0-1"]
[WhiteElo "1399"]
[BlackElo "1893"]
[PlyCount "90"]
[EventDate "2014.10.18"]
[EventType "swiss"]
[EventRounds "9"]
[EventCountry "RUF"]
[SourceTitle "EXT 2015"]
[Source "ChessBase"]
[SourceDate "2014.11.20"]
[SourceVersion "1"]
[SourceVersionDate "2014.11.20"]
[SourceQuality "1"]

1. e4 e6 2. f4 d5 3. e5 c5 4. b3 Nc6 5. c3 Nh6 6. Nf3 Be7 7. Na3 0-0 8. Nc2 f6 9. d4 fxe5 10. fxe5 Nf7 11. h4 Bd7 12. Bd3 cxd4 13. Bxh7+ Kh8 14. Ng5 Ncxe5 15. Qh5 Nh6 16. Bg6 Kg8 17. Nh7 Nxg6 18. Nxf8 Nxf8 19. Bxh6 gxh6 20. Rh3 Qe8 21. Rg3+ Kh7 22. Qg4 Qg6 23. 0-0-0 Qxg4 24. Rxg4 e5 25. Rg3 Bxh4 26. Rf3 e4 27. Rf7+ Kg6 28. Rdf1 d3 29. Rxf8 Rxf8 30. Rxf8 Bg5+ 31. Kb2 d2 32. Rg8+ Kh5 33. Rxg5+ hxg5 34. Ne3 Bg4 35. Kc2 d1Q+ 36. Nxd1 Bxd1+ 37. Kxd1 Kg4 38. Ke2 Kg3 39. Kf1 e3 40. a4 g4 41. a5 e2+ 42. Kxe2 Kxg2 43. c4 dxc4 44. bxc4 Kh2 45. c5 a6 0-1

[Event "Reunion op 14th"]
[Site "St Denis"]
[Date "2012.10.06"]
[Round "1"]
[White "Payet, Jean Claude"]
[Black "Altiery, Hugo"]
[Result "0-1"]
[WhiteElo "1829"]
[BlackElo "1400"]
[PlyCount "171"]
[EventDate "2012.10.06"]
[EventType "swiss"]
[EventRounds "9"]
[EventCountry "RUF"]
[SourceTitle "EXT 2013"]
[Source "ChessBase"]
[SourceDate "2012.11.22"]
[SourceVersion "1"]
[SourceVersionDate "2012.11.22"]
[SourceQuality "1"]

1. e4 e5 2. Nf3 Nc6 3. Bb5 d6 4. d4 Bd7 5. 0-0 exd4 6. Nxd4 Ne5 7. Nc3 c6 8. Ba4 Nf6 9. Bg5 Be7 10. Qe2 a5 11. a3 0-0 12. Bb3 b5 13. Rad1 b4 14. axb4 axb4 15. Na2 Bg4 16. f3 Bc8 17. Nxb4 Qb6 18. Bxf6 Bxf6 19. Qe1 c5 20. Nd5 Qd8 21. Nxf6+ Qxf6 22. Bd5 Rb8 23. Nb3 Ng6 24. Qc3 Qg5 25. Qd2 Nf4 26. Kh1 Qe5 27. c3 Nxd5 28. Na5 Ne7 29. f4 Qxe4 30. Rfe1 Qa4 31. Qxd6 Rxb2 32. Ra1 Ra2 33. Rxa2 Qxa2 34. Qxc5 Ng6 35. Qb4 Nh4 36. Rg1 Be6 37. c4 Bf5 38. c5 Qe2 39. Qe1 Qxe1 40. Rxe1 h6 41. c6 Rc8 42. Kg1 Bc2 43. Kf2 Ba4 44. Rc1 Ng6 45. Ke1 Ne7 46. Rc4 Bxc6 47. Nxc6 Rxc6 48. Re4 Nf5 49. Kd2 Rd6+ 50. Ke1 Re6 51. Re2 Rxe2+ 52. Kxe2 f6 53. Kf2 g5 54. Kf3 Kg7 55. Kg4 Kg6 56. fxg5 hxg5 57. g3 Nh6+ 58. Kf3 Kh5 59. h3 f5 60. Ke3 Nf7 61. Kf3 Ne5+ 62. Ke3 Kg6 63. Kd4 Nf3+ 64. Ke3 Ng1 65. h4 gxh4 66. gxh4 Nh3 67. Kf3 Kh5 68. Kg3 Ng1 69. Kf4 Kg6 70. h5+ Kf6 71. h6 Nh3+ 72. Kg3 Ng5 73. Kf4 Nh7 74. Kf3 Kg5 75. Ke3 Kxh6 76. Kf3 Kg5 77. Kg3 Nf6 78. Kg2 Kg4 79. Kf2 Ne4+ 80. Kf1 f4 81. Kg1 Kg3 82. Kh1 f3 83. Kg1 f2+ 84. Kf1 Nd2+ 85. Ke2 Kg2 86. Kxd2 0-1

[Event "Reunion op 13th"]
[Site "St Denis"]
[Date "2011.10.07"]
[Round "8"]
[White "Payet, Jean Claude"]
[Black "Gallet, Hadrien"]
[Result "1-0"]
[WhiteElo "1750"]
[BlackElo "1632"]
[PlyCount "95"]
[EventDate "2011.10.01"]
[EventType "swiss"]
[EventRounds "9"]
[EventCountry "RUF"]
[SourceTitle "EXT 2012"]
[Source "ChessBase"]
[SourceDate "2011.11.24"]
[SourceVersion "1"]
[SourceVersionDate "2011.11.24"]
[SourceQuality "1"]

1. e4 c5 2. Nf3 d6 3. d4 cxd4 4. Nxd4 Nf6 5. Nc3 a6 6. Be2 e6 7. a4 Be7 8. Be3 Bd7 9. 0-0 0-0 10. a5 Nc6 11. Nxc6 Bxc6 12. f3 Rc8 13. Bb6 Qd7 14. Qd2 Rfe8 15. Rfd1 Bd8 16. Bf2 Bc7 17. Qg5 h6 18. Qh4 Qe7 19. Na4 Bxa5 20. Nb6 Bxb6 21. Bxb6 Bd7 22. c4 Rc6 23. Ba5 Rec8 24. Rd2 b5 25. Rad1 d5 26. Kh1 Qc5 27. Bc3 Ne8 28. cxd5 exd5 29. Rxd5 Qe3 30. Bxb5 axb5 31. Rxd7 Nf6 32. R7d3 Qb6 33. e5 g5 34. Qh3 Nh7 35. Qg4 b4 36. Qxb4 Qxb4 37. Bxb4 Kg7 38. Bc3 Kg6 39. Kg1 Re6 40. Rd6 Rxd6 41. exd6 Rd8 42. Kf2 Kf5 43. g4+ Ke6 44. Bg7 Rxd6 45. Rxd6+ Kxd6 46. Bxh6 f6 47. Kg3 Ke7 48. h4 1-0

[Event "Reunion op 13th"]
[Site "St Denis"]
[Date "2011.10.06"]
[Round "6"]
[White "Payet, Jean Claude"]
[Black "Nadig, Kruttika"]
[Result "0-1"]
[WhiteElo "1750"]
[BlackElo "2233"]
[PlyCount "84"]
[EventDate "2011.10.01"]
[EventType "swiss"]
[EventRounds "9"]
[EventCountry "RUF"]
[SourceTitle "EXT 2012"]
[Source "ChessBase"]
[SourceDate "2011.11.24"]
[SourceVersion "1"]
[SourceVersionDate "2011.11.24"]
[SourceQuality "1"]

1. e4 c5 2. Nf3 g6 3. d4 Bg7 4. dxc5 Qa5+ 5. Bd2 Qxc5 6. Bc3 Nf6 7. Bd3 Nc6 8. Nbd2 Ng4 9. 0-0 Bxc3 10. bxc3 Qxc3 11. Rb1 Nge5 12. Rb3 Nxf3+ 13. Nxf3 Qg7 14. Qa1 Qxa1 15. Rxa1 b6 16. Rc3 Bb7 17. Rd1 Rc8 18. Bb5 Nb8 19. Rxc8+ Bxc8 20. Ne5 f6 21. Nd3 Nc6 22. a3 Nd4 23. a4 Ne2+ 24. Kf1 Nc3 25. Re1 a6 26. Bc4 Nxa4 27. Ra1 b5 28. Bb3 Bb7 29. Bxa4 bxa4 30. Rxa4 Kf7 31. Nc5 Bc6 32. Rd4 d6 33. Nb3 Bb5+ 34. Ke1 Rc8 35. Kd2 Rc4 36. g3 Rxd4+ 37. Nxd4 Bf1 38. Ke1 Bg2 39. f3 e5 40. Kf2 exd4 41. Kxg2 a5 42. Kf2 a4 0-1

[Event "Reunion op 13th"]
[Site "St Denis"]
[Date "2011.10.02"]
[Round "3"]
[White "Han Yee Yu, Jerome"]
[Black "Payet, Jean Claude"]
[Result "0-1"]
[WhiteElo "1581"]
[BlackElo "1750"]
[PlyCount "74"]
[EventDate "2011.10.01"]
[EventType "swiss"]
[EventRounds "9"]
[EventCountry "RUF"]
[SourceTitle "EXT 2012"]
[Source "ChessBase"]
[SourceDate "2011.11.24"]
[SourceVersion "1"]
[SourceVersionDate "2011.11.24"]
[SourceQuality "1"]

1. e4 c5 2. Nf3 e6 3. d3 Nc6 4. Nbd2 d6 5. g3 Nf6 6. Bg2 Be7 7. 0-0 0-0 8. Re1 e5 9. c3 Qb6 10. Nb3 Bg4 11. h3 Be6 12. Be3 Bxb3 13. Qxb3 Qxb3 14. axb3 a6 15. Nd2 Nd7 16. Nc4 h6 17. f4 f6 18. Rad1 b5 19. Na3 b4 20. Nc2 Rfb8 21. Na1 bxc3 22. bxc3 Na5 23. Rb1 g5 24. h4 Nc6 25. Nc2 a5 26. Bh3 Nf8 27. fxg5 fxg5 28. hxg5 Bxg5 29. Bxg5 hxg5 30. Ne3 Ne7 31. Rf1 Ra7 32. Nc4 Ra6 33. Rf6 Kg7 34. Rxd6 Rxd6 35. Nxd6 a4 36. b4 cxb4 37. Rxb4 Rxb4 0-1

[Event "Reunion op 13th"]
[Site "St Denis"]
[Date "2011.10.02"]
[Round "2"]
[White "Payet, Jean Claude"]
[Black "Ringayen, Rose May"]
[Result "1/2-1/2"]
[WhiteElo "1750"]
[BlackElo "1330"]
[PlyCount "154"]
[EventDate "2011.10.01"]
[EventType "swiss"]
[EventRounds "9"]
[EventCountry "RUF"]
[SourceTitle "EXT 2012"]
[Source "ChessBase"]
[SourceDate "2011.11.24"]
[SourceVersion "1"]
[SourceVersionDate "2011.11.24"]
[SourceQuality "1"]

1. e4 e5 2. Nf3 Nc6 3. d4 exd4 4. Nxd4 Nxd4 5. Qxd4 Nf6 6. e5 c5 7. Qc4 Qe7 8. Qe2 Nd5 9. c4 Nb4 10. Nc3 d6 11. a3 Na6 12. Bf4 dxe5 13. Bxe5 f6 14. Bg3 Qxe2+ 15. Bxe2 Be7 16. Nd5 Bd8 17. Bd6 Be6 18. 0-0 Bxd5 19. cxd5 Bc7 20. Bxa6 Bxd6 21. Bxb7 Rb8 22. Bc6+ Kf7 23. b4 cxb4 24. axb4 Rxb4 25. Rxa7+ Kg6 26. Ra4 Rxa4 27. Bxa4 Rd8 28. g3 Bc5 29. Rd1 h6 30. Kf1 Kf5 31. Bc6 Ke5 32. Rb1 g5 33. Rb7 Kf5 34. Rb5 Bd6 35. h3 Ke4 36. Ke2 h5 37. Ra5 Rb8 38. Ra2 f5 39. Ra4+ Rb4 40. f3+ Kd4 41. Rxb4+ Bxb4 42. g4 fxg4 43. fxg4 hxg4 44. hxg4 Ke4 45. d6+ Kf4 46. d7 Ba5 47. Bf3 Bd8 48. Kf2 Bb6+ 49. Kg2 Bd8 50. Bd1 Bb6 51. Kf1 Kg3 52. Ke1 Ba5+ 53. Kf1 Bb6 54. Be2 Kf4 55. Ke1 Ke5 56. Bd3 Kd6 57. Bf5 Bd8 58. Ke2 Ke5 59. Kd3 Kd5 60. Kc3 Kc5 61. Kb3 Kb5 62. Be6 Ba5 63. Bf7 Kc6 64. Be8 Bd8 65. Kc4 Kd6 66. Kb5 Kd5 67. Ka6 Kc6 68. Ka7 Kc7 69. Ka8 Be7 70. Ka7 Bd6 71. Ka6 Kd8 72. Kb6 Be7 73. Kc6 Bf8 74. Kd5 Bg7 75. Ke6 Bc3 76. Bg6 Bb4 77. Bf5 Ba3 1/2-1/2

[Event "Reunion op 12th"]
[Site "St Denis"]
[Date "2010.10.10"]
[Round "3"]
[White "Rajaonson, Andriamahenina"]
[Black "Payet, Jean Claude"]
[Result "0-1"]
[WhiteElo "1919"]
[BlackElo "1720"]
[PlyCount "86"]
[EventDate "2010.10.09"]
[EventType "swiss"]
[EventRounds "9"]
[EventCountry "RUF"]
[SourceTitle "CBM 138 Extra"]
[Source "ChessBase"]
[SourceDate "2010.10.29"]
[SourceVersion "1"]
[SourceVersionDate "2010.10.29"]
[SourceQuality "1"]

1. f4 f5 2. Nf3 Nf6 3. e3 e6 4. Bc4 d5 5. Bb3 Bd6 6. 0-0 0-0 7. Na3 Bd7 8. c3 a6 9. Nc2 b5 10. Ncd4 c5 11. Ne2 Nc6 12. Bc2 Qb6 13. Qe1 c4 14. Ned4 Rae8 15. Qh4 Nxd4 16. Nxd4 Ne4 17. d3 cxd3 18. Bxd3 Rf6 19. Qe1 e5 20. Bxe4 dxe4 21. fxe5 Bxe5 22. g3 Ref8 23. Bd2 Rg6 24. Rd1 Qc7 25. Kg2 h5 26. Ne2 Bc6 27. Nf4 Bxf4 28. Rxf4 Rd6 29. Qf1 g6 30. c4 Rfd8 31. Rf2 Rd3 32. Re2 bxc4 33. Kf2 R8d5 34. Ke1 Qd7 35. Qf2 Bb5 36. Rc1 Kh7 37. Qg2 Rd6 38. Bc3 Qd8 39. Kf2 Rd1 40. Rxd1 Rxd1 41. h3 Bc6 42. Bd4 Rxd4 43. exd4 e3+ 0-1

[Event "Reunion op 12th"]
[Site "St Denis"]
[Date "2010.10.09"]
[Round "1"]
[White "Benke, Martin"]
[Black "Payet, Jean Claude"]
[Result "1/2-1/2"]
[WhiteElo "1923"]
[BlackElo "1720"]
[PlyCount "96"]
[EventDate "2010.10.09"]
[EventType "swiss"]
[EventRounds "9"]
[EventCountry "RUF"]
[SourceTitle "CBM 138 Extra"]
[Source "ChessBase"]
[SourceDate "2010.10.29"]
[SourceVersion "1"]
[SourceVersionDate "2010.10.29"]
[SourceQuality "1"]

1. d4 d5 2. c4 c6 3. Nc3 Nf6 4. Nf3 e6 5. Bg5 Be7 6. e3 0-0 7. Bd3 h6 8. Bh4 Ng4 9. Bxe7 Qxe7 10. h3 Nf6 11. 0-0 Nbd7 12. Ne5 Nxe5 13. dxe5 Nd7 14. f4 f5 15. cxd5 exd5 16. Rb1 Nc5 17. b4 Ne4 18. Bxe4 dxe4 19. Qe2 Be6 20. Rfd1 Rfd8 21. a3 b5 22. Qc2 Bc4 23. Rb2 Rxd1+ 24. Qxd1 Rd8 25. Qc2 Rd3 26. Qc1 Qd8 27. g3 Qb6 28. Kf2 Kh7 29. a4 a6 30. Ne2 g6 31. Nd4 h5 32. g4 fxg4 33. hxg4 hxg4 34. Qh1+ Kg7 35. Qxe4 Qd8 36. Kg3 Ra3 37. e6 Qd5 38. Qxd5 Bxd5 39. axb5 axb5 40. Re2 Kf6 41. Kxg4 Bxe6+ 42. Nxe6 Kxe6 43. Kg5 Kf7 44. Rc2 Rxe3 45. Rxc6 Rg3+ 46. Kh4 Rb3 47. Kg5 Rxb4 48. Rxg6 Rxf4 1/2-1/2